| 000 | 01092cam a2200313 i 4500 | ||
|---|---|---|---|
| 999 |
_c2288 _d2288 |
||
| 003 | OSt | ||
| 005 | 20210708063218.0 | ||
| 008 | 801008s1981 ilua b 101 0 eng | ||
| 020 | _a0815192207 : | ||
| 040 | _cALUPE UNIVERSITY | ||
| 050 | 0 | 0 |
_aRC683 _b.E5 W6 1981 |
| 060 | _aWG 140 W926a 1980 | ||
| 111 | 2 | _d(1980 : | |
| 245 | 1 | 0 |
_aAmbulatory electrocardiographic recording / _c[edited by] Nanette Kass Wenger, Michael B. Mock, Ivar Ringqvist. |
| 260 |
_aChicago : _bYear Book Medical Publishers, _cc1981. |
||
| 300 |
_axx, 456 p. : _bill. ; _c24 cm. |
||
| 504 | _aIncludes bibliographical references and index. | ||
| 650 | 0 |
_aElectrocardiography _xCongresses. |
|
| 650 | 0 |
_aPatient monitoring _xCongresses. |
|
| 650 | 0 |
_aAmbulatory medical care _xCongresses. |
|
| 650 | 2 |
_aAmbulatory care _xCongresses. |
|
| 650 | 2 |
_aElectrocardiography _xCongresses. |
|
| 650 | 2 |
_aMonitoring, Physiologic _xCongresses. |
|
| 700 | 1 | _aWenger, Nanette Kass. | |
| 700 | 1 | _aMock, Michael B. | |
| 700 | 1 | _aRingqvist, Ivar. | |
| 906 |
_a7 _bcbc _corignew _du _eocip _f19 _gy-gencatlg |
||
| 942 |
_2lcc _cBK _nPW |
||